=LDR 00000nam 2200000 4500 =001 INLIS000000000015415 =005 20130612110708 =008 ***********************************Indo** =035 ##$$0010-061300000015415 =041 ##$$a Indo =082 ##$$a F.Rom K =090 ##$$a F.Rom K, Asa =100 ##$$a Asa Kusnin =245 ##$$a Menyusuri Kota kuno, Kusnin Asa =260 ##$$a 1984 $b Jakarta =300 ##$$a 59 hlm, ilus, 20 cm =650 ##$$a Fiksi Kanak-Kanak =850 ##$$a NBPNMAT